Fertilizer management in plantation crops: A guide book (Record no. 40033)

MARC details
000 -LEADER
fixed length control field 00393nam a2200133Ia 4500
082 ## - DEWEY DECIMAL CLASSIFICATION NUMBER
Classification number 631.8:633
Item number TAN;1
100 ## - MAIN ENTRY--AUTHOR NAME
Personal name TANDON, H L S
245 #0 - TITLE STATEMENT
Title Fertilizer management in plantation crops: A guide book
260 ## - PUBLICATION, DISTRIBUTION, ETC. (IMPRINT)
Place of publication New Delhi
Name of publisher FAI
Year of publication 1988
650 ## - SUBJECT ADDED ENTRY--TOPICAL TERM
Topical Term Plantation crops fertilizers
650 ## - SUBJECT ADDED ENTRY--TOPICAL TERM
Topical Term Rubber fertilizer recommendation
942 ## - ADDED ENTRY ELEMENTS (KOHA)
Koha item type Books
Holdings
Withdrawn status Lost status Damaged status Not for loan Home library Current library Date acquired Full call number Accession Number Koha item type
        RRII Library RRII Library 16/12/2021 631.8:633 TAN;1 20351 Books